Départements en ... île-de-France - Statistiques

Statistiques générales
  • Ce quiz a été pris 255 fois
    249 depuis la dernière actualisation
  • Le résultat moyen est 6 sur 8
Statistiques - réponses
Numéros Départements % Correct
75 Paris
96%
78 Yvelines
80%
93 Seine-saint-denis
78%
91 Essonne
76%
77 Seine-et-Marne
76%
95 Val-D'Oise
67%
94 Val-de-Marne
63%
92 Haut-de-seine
51%
Aucun quiz correspondant
Distribution des résultats
% des personnes avec chaque résultat
Percentile par nombre de réponses
Votre historique - résultats
Vous n’avez pas pris ce quiz depuis la dernière actualisation